| 000 | 02003nam0a2200385 4500 | ||
|---|---|---|---|
| 001 | RU\NLR\bibl\1179572 | ||
| 005 | 20260406075455.0 | ||
| 010 |
_a978-5-222-12483-3 _93000 |
||
| 021 |
_aRU _b2007-85033 _94586 |
||
| 035 | _a(nilc)RSL-KNO-003362913 | ||
| 035 | _a(NLR Aleph) 001166184 | ||
| 090 |
_a1568447 _c1568447 |
||
| 100 | _a20071205d2007 |||y0rusy50 ca | ||
| 101 | 0 | _arus | |
| 102 | _aRU | ||
| 105 | _ay ||||||||| | ||
| 200 | 1 |
_aТрудовое право Российской Федерации _eучебник для студентов высших учебных заведений _fМ.В. Мархгейм, М.Б. Смоленский, Е.Е. Тонков _gпод ред. проф. М.Б. Смоленского |
|
| 210 |
_aРостов-на-Дону _cФеникс _d2007 |
||
| 215 |
_a380 с. _d21 |
||
| 225 | 1 | _aВысшее образование | |
| 300 | _aНа обл. авт. не указаны | ||
| 606 | 1 |
_aТрудовое право _jУчебники для высших учебных заведений _yРоссийская Федерация _92071166 _3RU\NLR\auth\661245915 |
|
| 610 | 0 | _aГосударство и право. Юридические науки -- Трудовое право -- Российская Федерация -- Учебник для высшей школы | |
| 686 |
_aХ627я73-1 _2rubbk |
||
| 686 | _aХ627я73 | ||
| 700 | 1 |
_aМархгейм _bМ. В. _gМарина Васильевна _4070 |
|
| 701 | 1 |
_4070 _8rus _7ca _aСмоленский _bМ. Б. _cканд. юрид. наук, д-р социол. наук _f1956- _gМихаил Борисович _3RU\NLR\AUTH\7738536 _921520 |
|
| 701 | 1 |
_4070 _8rus _7ca _aТонков _bЕ. Е. _cд-р пед. наук, юрист _f1958- _gЕвгений Евгеньевич _3RU\NLR\auth\7724406 _97457 |
|
| 801 | 0 |
_aRU _bРКП _c20071205 _grcr |
|
| 801 | 1 |
_aRU _bРГБ _c20071205 |
|
| 801 | 2 |
_aRU _bNLR _c20080125 _grcr |
|
| 942 | _cBOOK | ||
| 980 | _aNB | ||